=LDR 00000nam 2200000 4500 =001 INLIS000000000022312 =005 20130612121100 =008 ***********************************Ind** =035 ##$$0010-061300000022312 =041 ##$$a Ind =082 ##$$a 658.8 =090 ##$$a 658.8, Kar-m =100 ##$$a Kartajaya, Hermawan =245 ##$$a Marketing plus 3, Jalur sukses untuk bisnis, jalur bisnis untuk sukses, Hermawan kartajaya =250 ##$$a Serial marketing populer terlaris =260 ##$$a 1996 $b Jakarta =300 ##$$a 320 hlm., ilus., 20 cm =650 ##$$a Manajemen pemasaran =850 ##$$a NBPNMAT =990 ##$$a 21602513/BPAP-NTB/2017 =990 ##$$a 21602514/BPAP-NTB/2017